| 000 | 02677nab a2200349 a 4500 | ||
|---|---|---|---|
| 005 | 20210219162259.0 | ||
| 008 | 991125s1985 mx 000 0 spa u | ||
| 035 | _aUPN01000201247 | ||
| 049 | _aART | ||
| 100 | 1 | _aFernandes Lopes, Regina Maria | |
| 100 | 1 | _uregina@nucleomedicopsicologico.com.br | |
| 100 | 1 | _ureginamlopess@gmail.com | |
| 100 | 1 | _aNascimento, Roberta Fernandes Lopes do | |
| 100 | 1 | _uroberta@nucleomedicopsicologico.com.br | |
| 100 | 1 | _aWendt, Guilherme Welter | |
| 100 | 1 | _ugilhermewwendt@gmail.com | |
| 100 | 1 | _aArgimon, Irani I. de Lima | |
| 100 | 1 | _uargimoni@pucrs.br | |
| 222 | 0 | _aAVANCES EN PSICOLOGIA LATINOAMERICANA | |
| 245 | 0 | 0 | _aA diabetes mellitus causa deterioro cognitivo em idosos? Um estudo de revisão |
| 260 | _aBogotá, Colombia | ||
| 300 | _a131-139 | ||
| 362 | 0 | _a2013 Volumen 31, número 1 | |
| 520 | 3 | _aLa diabetes mellitus (DM) se refiere a un síndrome metabólico que conlleva cambios físicos, sociales y psicológicos en quienes lo padecen. La enfermedad posee un fuerte componente genético y se subdivide en tipos 1 (DM1) y 2 (DM2). La DM2 está asociada a déficits funcionales y cognoscitivos. Las investigaciones revelan que las funciones ejecutivas de los adultos mayores con DM se encuentran más perjudicadas en comparación con adultos mayores que no padecen esta enfermedad. Con el objetivo de profundizar este tema, este estudio realiza una revisión sistemática de la literatura, a través de publicaciones indexadas en los últimos ocho años que abordan la relación entre DM2 y aspectos del deterioro cognoscitivo en ancianos (flexibilidad cognoscitiva, flexibilidad mental y del pensamiento en funciones ejecutivas). En los estudios revisados, la mayoría mostró un grado de compromiso relacionado conlas funciones ejecutivas: flexibilidad del pensamiento, atención o memoria de trabajo, sugiriendo incluso quela DM2 acelera el proceso de deterioro, aumentando la posibilidad de desarrollo de la demencia. La prevalencia de depresión es más elevada en ancianos con DM2, con el compromiso de múltiples funciones y otras complicaciones físicas identificadas. Los hallazgos muestran un funcionamiento cognoscitivo perjudicado en ancianos con DM2 lo que enfatiza la necesidad del desarrollo de programas de prevención e intervención | |
| 653 | 0 | _aDIABETES MELLITUS | |
| 653 | 0 | _aADULTOS MAYORES | |
| 653 | 0 | _aFUNCIONES EJECUTIVAS | |
| 653 | 0 | _aFLEXIBILIDAD COGNOSCITIVA | |
| 856 | 4 | _uhttp://www.redalyc.org/articulo.oa?id=79928610011 | |
| 856 | 4 | _ahttp://www.scielo.org.co/scielo.php?script=sci_arttext&pid=S1794-47242013000100011&lng=pt&nrm=iso&tlng=pt | |
| 905 | _aArticulo | ||
| 999 |
_c173348 _d173348 |
||